| 000 | 00785nam a2200253 4500 | ||
|---|---|---|---|
| 003 | OSt | ||
| 005 | 20260530113906.0 | ||
| 008 | 260506b2000 enga|||| |||| 00| 0 eng d | ||
| 020 | _a1564967522 | ||
| 040 |
_aICI _beng _cICI |
||
| 041 | _aeng | ||
| 050 |
_aNK8643.45 _bT78 |
||
| 100 | 1 |
_aa Trulove, James Grayson, _eautor _932872 |
|
| 245 | 1 | 0 |
_aThis Way / _bsignage design for public spaces _cJames Grayson Trulove, Connie Sprague, Steel Colony |
| 264 | 1 |
_aGloucester, Massachusetts : _bRockport, _cc2000 |
|
| 300 | _a189 páginas | ||
| 336 |
_atexto _2rdacontent |
||
| 337 |
_asin medio _2rdamedia |
||
| 338 |
_avolumen _2rdacarrier |
||
| 650 |
_aArtes gráficas _919721 |
||
| 700 |
_aSprague, Connie _eautor _932873 |
||
| 700 |
_aColony, Steel, _eautor _932874 |
||
| 942 |
_2lcc _cBK _n1 |
||
| 999 |
_c11974 _d11974 |
||